000
00224nam a2200097Ia 4500
008
240331s9999 xx 000 0 und d
082
_b
WEL
100
_a
Marga institute
245
0
_a
Welfare and growth in Sri Lanka
942
_c
L
999
_c
2585
_d
2585